000 00306nam a22001337a 4500
008 260309b |||||||| |||| 00| 0 eng d
040 _a04
100 _aPRASAD, L. M
245 _aORGANIZATIONAL BEHAVIOUR
260 _aSULTAN CHAND
300 _a549
650 _aORGANIZATIONAL BEHAVIOUR
942 _c02
999 _c67110
_d67110